Automatic process control for chemical engineers (Record no. 25223)

000 -LEADER
fixed length control field 00528nam a2200193 4500
001 - CONTROL NUMBER
control field 25223
003 - CONTROL NUMBER IDENTIFIER
control field BD-DhUET
008 - FIXED-LENGTH DATA ELEMENTS--GENERAL INFORMATION
fixed length control field 150304b1956 xxu||||| |||| 00| 0 eng d
040 ## - CATALOGING SOURCE
Original cataloging agency DLC
Transcribing agency DLC
Modifying agency BD-DhUET
082 ## - DEWEY DECIMAL CLASSIFICATION NUMBER
Classification number 660.28
Item number CEA/1956
100 ## - MAIN ENTRY--PERSONAL NAME
Personal name Ceaglaske, Norman H.
245 ## - TITLE STATEMENT
Title Automatic process control for chemical engineers
250 ## - EDITION STATEMENT
Edition statement 1st ed.
260 ## - PUBLICATION, DISTRIBUTION, ETC. (IMPRINT)
Place of publication, distribution, etc. New Delhi
Name of publisher, distributor, etc. Wiley Eastern
Date of publication, distribution, etc. 1956
300 ## - PHYSICAL DESCRIPTION
Extent xiv, 228 p.
Other physical details ill.
Dimensions 23 cm.
504 ## - BIBLIOGRAPHY, ETC. NOTE
Bibliography, etc Includes bibliographies
650 #0 - SUBJECT ADDED ENTRY--TOPICAL TERM
Topical term or geographic name as entry element Chemical engineering
942 ## - ADDED ENTRY ELEMENTS (KOHA)
Koha item type General Book
Holdings
Date acquired Source of classification or shelving scheme Shelving location Not for loan Piece designation (barcode) Koha normalized classification for sorting Copy number Price effective from Location (home branch) Koha item type Withdrawn status Koha full call number Lost status Koha date last seen Sublocation or collection (holding branch) Damaged status
2015-05-13 Circulation section 32624660_280000000000000_CEA_195612015-05-13Central Library, BUETGeneral Book 660.28/CEA/1956 2015-05-13Central Library, BUET 
2015-05-13 Circulation section 32623660_280000000000000_CEA_195622015-05-13Central Library, BUETGeneral Book 660.28/CEA/1956 2015-05-13Central Library, BUET 
2015-05-13 Circulation section 32622660_280000000000000_CEA_195632015-05-13Central Library, BUETGeneral Book 660.28/CEA/1956 2015-05-13Central Library, BUET 
2015-05-13 Circulation section 32621660_280000000000000_CEA_195642015-05-13Central Library, BUETGeneral Book 660.28/CEA/1956 2015-05-13Central Library, BUET 
2015-05-13 Circulation section 20928660_280000000000000_CEA_195652015-05-13Central Library, BUETGeneral Book 660.28/CEA/1956 2015-05-13Central Library, BUET 
2015-05-13 Circulation section 37310660_280000000000000_CEA_195662015-05-13Central Library, BUETGeneral Book 660.28/CEA/1956 2015-05-13Central Library, BUET 
2015-05-13 Circulation section 32625660_280000000000000_CEA_195672015-05-13Central Library, BUETGeneral Book 660.28/CEA/1956 2015-05-13Central Library, BUET 
2015-05-13 Circulation section 11145660_280000000000000_CEA_195682015-05-13Central Library, BUETGeneral Book 660.28/CEA/1956 2015-05-13Central Library, BUET 
2015-05-13 Circulation section 11148660_280000000000000_CEA_195692015-05-13Central Library, BUETGeneral Book 660.28/CEA/1956 2015-05-13Central Library, BUET 
2015-05-13 Circulation section 11144660_280000000000000_CEA_1956102015-05-13Central Library, BUETGeneral Book 660.28/CEA/1956 2015-05-13Central Library, BUET 
2015-05-13 Circulation section 12431660_280000000000000_CEA_1956112015-05-13Central Library, BUETGeneral Book 660.28/CEA/1956 2015-05-13Central Library, BUET 
2015-05-13 Circulation section 10151660_280000000000000_CEA_1956122015-05-13Central Library, BUETGeneral Book 660.28/CEA/1956 2015-05-13Central Library, BUET